| 000 | 00580ntaaa2200217 4500 | ||
|---|---|---|---|
| 003 | 01 | ||
| 005 | 20251027202305.0 | ||
| 008 | 0714s1973 ag 01 | ||
| 020 | _a2825408549 | ||
| 040 |
_aAR-BaBN _bspa _cAR-BaBN _eaacr _dRIC |
||
| 082 | _a275.0000 T13g | ||
| 100 |
_aTakenaka, Masao _918105 |
||
| 245 | _aGod is rice | ||
| 250 | _a1 ed. | ||
| 260 |
_aGeneva : _bWorld Council of Churches, _c1986 |
||
| 300 |
_a83 p ; _cilu. : 21 cm |
||
| 650 |
_aCristianismo-Japón _921384 |
||
| 650 |
_aCristianismo-China _921385 |
||
| 650 |
_aCristianismo-Asia Sudeste _921386 |
||
| 942 | _cBK | ||
| 999 |
_c17674 _d17674 |
||